000 00535nam a2200181Ia 4500
008 100917s9999 xx 000 0 und d
082 _b53564
100 _aमाडखोलकर गजानन त्र्यंबक
245 _aडाक बंगला
260 _bवीणा प्रकाशन
_c1942
300 _a106
365 _b1.25
520 _aकादंबरी
630 _aडाक बंगला
650 _aकादंबरी
730 _aडाक बंगला
942 _cBOOK
999 _c658958
_d658955